000 00456nam a2200193Ia 4500
005 20250423100040.0
008 250422s9999 xx 000 0 und d
020 _a0132079631
050 _aHB 172.5 .B573/
100 _aBlanchard, Olivier
245 0 _aMacroeconomic
250 _a5th ed.
260 _aUpper Saddle River, NJ
260 _bPearson Prentice Hall
260 _c2009
300 _a651 p
650 _aMacroeconomics
942 _cBK
999 _c32131
_d32131